Die hellsten Sterne über Mitteleuropa - Statistiken

Allgemein
  • Dieses Quiz wurde 174 mal gespielt
  • Das Durchschnittsergebnis liegt bei 10 aus 19
Antwortstatistiken
mag Sternbild Name des Himmelskörpers % Korrekt
-2.91 (Planet) Mars
92%
-4.6 (Planet) Venus
92%
-2.94 (Planet) Jupiter
89%
-0.43 (Planet) Saturn
88%
-1.46 Großer Hund Sirius
77%
0.42 Orion Beteigeuze
63%
0.03 Leier Wega
59%
0.18 Orion Rigel
48%
1.25 Schwan Deneb
40%
1.16 Zwillinge Pollux
40%
0.87 Stier Aldebaran
39%
-0.05 Bärenhüter Arktur
38%
0.08 Fuhrmann Capella
33%
1.36 Löwe Regulus
33%
1.06 Skorpion Antares
32%
0.76 Adler Altair
31%
0.97 Jungfrau Spica
26%
0.36 Kleiner Hund Prokyon
24%
1.18 Südlicher Fisch Fomalhaut
17%
Keine übereinstimmenden Quizze gefunden
Verteilung der Resultate
Anzahl Personen mit jedem Resultat
Perzentil nach korrekt beantworteten Fragen
Ihre Resultats-Entwicklung
Sie haben dieses Quiz noch nicht gespielt